000 00800nam a2200253Ia 4500
003 OSt
005 20221005092336.0
006 a|||||r|||| 00| 0
007 ta
008 221004b |||||||| |||| 00| 0 eng d
020 _a9780415957847 (pbk)
_c2618.75
024 _a7857
037 _b39282, 19/11/2013, Segment Book Distributors
_cTextual
040 _aCRL
_cCRL
_beng
041 _2eng
_aeng
082 _aS1:73:6, P9
100 _aMcCloskey George
_9617172
245 0 _aAssessment and intervention for executive function difficulties
260 _aNew York
_bRoutledge USA
_c2009
300 _axxiii,362p.
_ccm.
650 _aPSYCHOLOGY
942 _hS1:73:6, P9
_cTEXL
_2cc
999 _c998690
_d998690